Norma Chilena Oficial NCh 203 Of77

Uloženo v:
Podrobná bibliografie
Korporace: Instituto Nacional de Normalización (Autor), INN (Autor)
Médium: Kniha
Jazyk:španělština
Vydáno: Santiago Instituto Nacional de Normalización 1977
Vydání:1a. ed
Témata:
Tagy: Přidat tag
Žádné tagy, Buďte první, kdo vytvoří štítek k tomuto záznamu!

MARC

LEADER 00000nam a2200000 a 4500
001 UCK5966
003 CL-VaPUC
008 050902e19770000CL |||||||||||||||||spa|d
082 0 4 |a 624.1821  |b INS  |2 21 
110 2 |a Instituto Nacional de Normalización  |e author  |9 495011 
710 2 |a INN  |e author  |9 495012 
245 1 0 |a Norma Chilena Oficial NCh 203 Of77 
246 1 0 |a Acero para uso estructural - Requisitos 
250 |a 1a. ed 
300 |a 9 p 
942 |c BK 
945 |d 20050902 00:00:00  |a cmena 
260 |a Santiago  |b Instituto Nacional de Normalización  |c 1977 
650 0 |a Aceros  |9 260685 
650 0 |a Elementos estructurales  |9 350100 
650 0 |a Materiales de construcción  |9 260197 
650 0 |a Normalización  |9 262666 
583 |a last modification  |c 20050902 00:00:00  |k Rodrigo Vera 
999 |c 314378  |d 314376